[Event "Titled Tuesday intern op 29th Aug Late"]
[Site "Chess.com INT"]
[Date "2023.08.29"]
[Round "7"]
[White "Magallanes, Rey Jomar"]
[Black "Garcia Correa, Jose Ricardo"]
[Result "0-1"]
[WhiteElo "2032"]
[BlackElo "2103"]
[PlyCount "60"]
[EventDate "2023.08.29"]
[EventType "swiss (blitz)"]
[EventRounds "11"]
[EventCountry "USA"]
[SourceTitle "EXT 2024"]
[Source "ChessBase"]
[SourceDate "2023.10.10"]
[SourceVersion "1"]
[SourceVersionDate "2023.10.10"]
[SourceQuality "1"]

1. e4 e5 2. Nf3 Nc6 3. Bc4 Bc5 4. d3 d6 5. c3 Qf6 6. a4 a6 7. b4 Ba7 8. 0-0 h6 9. h3 Nge7 10. Be3 0-0 11. Nbd2 Ng6 12. b5 Nce7 13. b6 Bxb6 14. Bxb6 cxb6 15. d4 Nf4 16. Re1 Bxh3 17. g3 Nfg6 18. Nf1 Rac8 19. dxe5 dxe5 20. Bd3 Rxc3 21. N1h2 Rd8 22. Re3 Nf4 23. gxf4 exf4 24. e5 Qc6 25. Bh7+ Kxh7 26. Qxd8 Qg6+ 27. Ng5+ Qxg5+ 28. Rg3 fxg3 29. fxg3 Qxg3+ 30. Kh1 Qg2# 0-1

[Event "Titled Tuesday intern op 22nd Aug Late"]
[Site "Chess.com INT"]
[Date "2023.08.22"]
[Round "5"]
[White "Bueno, Alfeu Varela Jr"]
[Black "Magallanes, Rey Jomar"]
[Result "1-0"]
[WhiteElo "2135"]
[BlackElo "2032"]
[PlyCount "43"]
[EventDate "2023.08.22"]
[EventType "swiss (blitz)"]
[EventRounds "11"]
[EventCountry "USA"]
[SourceTitle "EXT 2024"]
[Source "ChessBase"]
[SourceDate "2023.10.10"]
[SourceVersion "1"]
[SourceVersionDate "2023.10.10"]
[SourceQuality "1"]

1. e4 c5 2. Nc3 d6 3. f4 Nc6 4. Bb5 g6 5. Bxc6+ bxc6 6. d3 Bg7 7. Nf3 e6 8. 0-0 Ne7 9. e5 0-0 10. Ne4 dxe5 11. fxe5 Qc7 12. Bg5 Nd5 13. c4 Nb4 14. a3 Na6 15. Nf6+ Kh8 16. Qe1 Nb8 17. Qh4 h5 18. g4 Nd7 19. gxh5 Nxf6 20. exf6 Bxf6 21. hxg6+ Kg8 22. Qh7# 1-0

[Event "Titled Tuesday intern op 22nd Aug Late"]
[Site "Chess.com INT"]
[Date "2023.08.22"]
[Round "9"]
[White "Magallanes, Rey Jomar"]
[Black "Ismayil, Malak"]
[Result "0-1"]
[WhiteElo "2032"]
[BlackElo "2148"]
[PlyCount "39"]
[EventDate "2023.08.22"]
[EventType "swiss (blitz)"]
[EventRounds "11"]
[EventCountry "USA"]
[SourceTitle "EXT 2024"]
[Source "ChessBase"]
[SourceDate "2023.10.10"]
[SourceVersion "1"]
[SourceVersionDate "2023.10.10"]
[SourceQuality "1"]

1. e4 e5 2. Nf3 Nc6 3. Bc4 Bc5 4. d3 Nf6 5. c3 0-0 6. a4 a6 7. b4 Bb6 8. a5 Ba7 9. 0-0 h6 10. h3 d6 11. Nbd2 Be6 12. Re1 Re8 13. Qb3 d5 14. exd5 Bxd5 15. Bxd5 Qxd5 16. Qxd5 Nxd5 17. Bb2 Nf4 18. Re4 Nxd3 19. Ba3 Nxf2 20. Ree1 0-1

[Event "Titled Tuesday intern op 22nd Aug Late"]
[Site "Chess.com INT"]
[Date "2023.08.22"]
[Round "11"]
[White "Yedidia, Jonathan"]
[Black "Magallanes, Rey Jomar"]
[Result "1-0"]
[WhiteElo "2360"]
[BlackElo "2032"]
[PlyCount "83"]
[EventDate "2023.08.22"]
[EventType "swiss (blitz)"]
[EventRounds "11"]
[EventCountry "USA"]
[SourceTitle "EXT 2024"]
[Source "ChessBase"]
[SourceDate "2023.10.10"]
[SourceVersion "1"]
[SourceVersionDate "2023.10.10"]
[SourceQuality "1"]

1. e4 c5 2. c3 d5 3. exd5 Qxd5 4. d4 e6 5. Nf3 Nf6 6. Na3 cxd4 7. Nb5 Na6 8. Nbxd4 Be7 9. Be2 0-0 10. Bf4 Nc5 11. 0-0 a6 12. Re1 Nh5 13. Be3 e5 14. Nxe5 Qxe5 15. Bxh5 Qf6 16. Bf3 Ne6 17. Nxe6 Bxe6 18. Qc2 Rab8 19. Ba7 Ra8 20. Bd4 Qg5 21. Bxb7 h6 22. Bxa8 Rxa8 23. Qe4 Bd5 24. f4 Qh5 25. Qxe7 Qg4 26. Qe2 Qg6 27. c4 Bc6 28. b4 Kh7 29. b5 Re8 30. Qf2 axb5 31. Rxe8 Bxe8 32. cxb5 Bxb5 33. Qg3 Be8 34. Qxg6+ Kxg6 35. a4 Kh7 36. a5 Kg6 37. a6 Kh7 38. a7 Kg6 39. a8Q Kh7 40. Qxe8 Kg6 41. Qe5 Kh7 42. Qxg7# 1-0

[Event "Titled Tuesday intern op 18th Jul Early"]
[Site "Chess.com INT"]
[Date "2023.07.18"]
[Round "6"]
[White "Feliz Dotel, Dewar Bienvenido"]
[Black "Magallanes, Rey Jomar"]
[Result "1-0"]
[WhiteElo "1984"]
[BlackElo "2032"]
[PlyCount "63"]
[EventDate "2023.07.18"]
[EventType "swiss (blitz)"]
[EventRounds "11"]
[EventCountry "USA"]
[SourceTitle "EXT 2024"]
[Source "ChessBase"]
[SourceDate "2023.10.10"]
[SourceVersion "1"]
[SourceVersionDate "2023.10.10"]
[SourceQuality "1"]

1. d4 d5 2. e3 Nf6 3. Nf3 e6 4. Bd3 Bd6 5. 0-0 0-0 6. b3 b6 7. Bb2 Bb7 8. Nbd2 Nbd7 9. Ne5 Ne4 10. Nxd7 Nxd2 11. Nxf8 Nxf1 12. Nxe6 Bxh2+ 13. Kxf1 fxe6 14. Qh5 Qd6 15. Bxh7+ Kf8 16. g3 Ke7 17. Qxh2 Ba6+ 18. Kg2 Rh8 19. a4 Be2 20. Ba3 Kd7 21. Bxd6 cxd6 22. Qh4 Bg4 23. Qxg4 Rxh7 24. Rb1 Kc7 25. Rh1 Rh4 26. Rxh4 g5 27. Qxg5 Kc6 28. Rh6 e5 29. Qg6 Kb7 30. Qxd6 Ka6 31. Qc6 Ka5 32. Qb5# 1-0

[Event "Titled Tuesday intern op 18th Jul Early"]
[Site "Chess.com INT"]
[Date "2023.07.18"]
[Round "4"]
[White "Magallanes, Rey Jomar"]
[Black "Boramanikar, Tanisha S"]
[Result "1-0"]
[WhiteElo "2032"]
[BlackElo "1671"]
[PlyCount "81"]
[EventDate "2023.07.18"]
[EventType "swiss (blitz)"]
[EventRounds "11"]
[EventCountry "USA"]
[SourceTitle "EXT 2024"]
[Source "ChessBase"]
[SourceDate "2023.10.10"]
[SourceVersion "1"]
[SourceVersionDate "2023.10.10"]
[SourceQuality "1"]

1. e4 c5 2. Nf3 Nc6 3. d4 cxd4 4. Nxd4 Nf6 5. Nc3 e5 6. Ndb5 d6 7. Bg5 a6 8. Na3 b5 9. Nd5 Be7 10. Bxf6 Bxf6 11. c3 0-0 12. Nc2 Rb8 13. Bd3 Bg5 14. a4 Be6 15. h4 Bh6 16. Nce3 Ne7 17. axb5 axb5 18. b4 Ng6 19. Nf5 Bf4 20. h5 Bxd5 21. hxg6 Be6 22. Qh5 h6 23. g3 fxg6 24. Qxg6 Bxf5 25. exf5 Bg5 26. f6 Qxf6 27. Qh7+ Kf7 28. Ra7+ Ke8 29. 0-0 Be3 30. Qg6+ Qxg6 31. Bxg6+ Kd8 32. fxe3 Rxf1+ 33. Kxf1 Rc8 34. Rxg7 Rxc3 35. Rb7 Rxe3 36. Kf2 Rb3 37. Rxb5 Kc7 38. Be4 Rb2+ 39. Kf3 h5 40. Rb7+ Kc8 41. b5 1-0

[Event "Titled Tuesday intern op 18th Jul Early"]
[Site "Chess.com INT"]
[Date "2023.07.18"]
[Round "5"]
[White "Magallanes, Rey Jomar"]
[Black "Liu, Casper Yukun"]
[Result "0-1"]
[WhiteElo "2032"]
[BlackElo "2278"]
[PlyCount "32"]
[EventDate "2023.07.18"]
[EventType "swiss (blitz)"]
[EventRounds "11"]
[EventCountry "USA"]
[SourceTitle "EXT 2024"]
[Source "ChessBase"]
[SourceDate "2023.10.10"]
[SourceVersion "1"]
[SourceVersionDate "2023.10.10"]
[SourceQuality "1"]

1. e4 c5 2. Nf3 d6 3. d4 cxd4 4. Nxd4 Nf6 5. Nc3 Nc6 6. Bg5 Bd7 7. Qd2 Rc8 8. f3 Nxd4 9. Qxd4 Qa5 10. 0-0-0 Qxg5+ 11. Qd2 Qxd2+ 12. Rxd2 g6 13. Bb5 Bg7 14. Bxd7+ Nxd7 15. Nd5 e6 16. Nb4 Bh6 0-1

[Event "Titled Tuesday intern op 18th Jul Early"]
[Site "Chess.com INT"]
[Date "2023.07.18"]
[Round "11"]
[White "Magallanes, Rey Jomar"]
[Black "Stork, Oliver"]
[Result "0-1"]
[WhiteElo "2032"]
[BlackElo "2327"]
[PlyCount "138"]
[EventDate "2023.07.18"]
[EventType "swiss (blitz)"]
[EventRounds "11"]
[EventCountry "USA"]
[SourceTitle "EXT 2024"]
[Source "ChessBase"]
[SourceDate "2023.10.10"]
[SourceVersion "1"]
[SourceVersionDate "2023.10.10"]
[SourceQuality "1"]

1. e4 c5 2. Nf3 d6 3. d4 cxd4 4. Nxd4 Nf6 5. Nc3 g6 6. Be3 Bg7 7. h3 Nc6 8. Bc4 0-0 9. Bb3 Qa5 10. 0-0 Bd7 11. f4 Rac8 12. Qd2 Nxe4 13. Nxe4 Qxd2 14. Nxd2 Nxd4 15. c3 Nxb3 16. axb3 a6 17. Nc4 Bb5 18. Nb6 Bxf1 19. Nxc8 Rxc8 20. Rxf1 Kf8 21. Kf2 Ke8 22. Rd1 Kd7 23. Bd4 Bxd4+ 24. Rxd4 Rc6 25. Ke3 Rb6 26. b4 Rb5 27. g4 h5 28. Kf3 hxg4+ 29. hxg4 f5 30. gxf5 gxf5 31. Ke3 Ke6 32. Rc4 Kd7 33. Rd4 e6 34. Kf3 d5 35. Ke3 Kd6 36. Rd3 e5 37. fxe5+ Kxe5 38. Kf3 Rb6 39. Re3+ Kf6 40. Kf4 Rc6 41. Rd3 Rc4+ 42. Kf3 Ke5 43. Re3+ Re4 44. Rd3 Rh4 45. Kg3 Re4 46. Kf3 f4 47. b3 b5 48. Kf2 d4 49. c4 bxc4 50. bxc4 Re3 51. Rd2 Rc3 52. c5 Rb3 53. Ra2 Rxb4 54. Rxa6 Rc4 55. Ra5 Ke4 56. Ke2 f3+ 57. Ke1 Ke3 58. Ra3+ d3 59. Ra1 f2+ 60. Kf1 Rh4 61. Kg2 Rg4+ 62. Kh3 Rg1 63. c6 Rxa1 64. c7 Rc1 65. Kg3 f1Q 66. c8Q Rxc8 67. Kh4 Rg8 68. Kh5 Qf7+ 69. Kh4 Qh7# 0-1

[Event "Titled Tuesday intern op 18th Jul Early"]
[Site "Chess.com INT"]
[Date "2023.07.18"]
[Round "10"]
[White "Sovetbekova, Nurai"]
[Black "Magallanes, Rey Jomar"]
[Result "1-0"]
[WhiteElo "1823"]
[BlackElo "2032"]
[PlyCount "61"]
[EventDate "2023.07.18"]
[EventType "swiss (blitz)"]
[EventRounds "11"]
[EventCountry "USA"]
[SourceTitle "EXT 2024"]
[Source "ChessBase"]
[SourceDate "2023.10.10"]
[SourceVersion "1"]
[SourceVersionDate "2023.10.10"]
[SourceQuality "1"]

1. d4 d5 2. c4 e6 3. Nc3 Nf6 4. Bf4 Nbd7 5. e3 dxc4 6. Bxc4 Nb6 7. Bd3 Bd6 8. Bg5 Be7 9. Nf3 Nfd5 10. Bxe7 Qxe7 11. Nxd5 Nxd5 12. 0-0 0-0 13. Rc1 c6 14. a3 Bd7 15. Qc2 g6 16. Ne5 Be8 17. b4 f5 18. e4 Nf4 19. Bc4 b5 20. Bb3 Kh8 21. exf5 gxf5 22. Kh1 Rg8 23. g3 Nd5 24. Nxc6 Qb7 25. Bxd5 exd5 26. Ne5 Bg6 27. Qc7 Qa6 28. Nf7+ Bxf7 29. Qxf7 Qxa3 30. Rc7 Qe3 31. Qxh7# 1-0

[Event "Titled Tuesday intern op 11th Jul Early"]
[Site "Chess.com INT"]
[Date "2023.07.11"]
[Round "10"]
[White "Magallanes, Rey Jomar"]
[Black "Avila Jimenez, Xavier"]
[Result "1-0"]
[WhiteElo "2032"]
[BlackElo "2175"]
[PlyCount "75"]
[EventDate "2023.07.11"]
[EventType "swiss (blitz)"]
[EventRounds "11"]
[EventCountry "USA"]
[SourceTitle "EXT 2024"]
[Source "ChessBase"]
[SourceDate "2023.10.10"]
[SourceVersion "1"]
[SourceVersionDate "2023.10.10"]
[SourceQuality "1"]

1. e4 d5 2. exd5 Qxd5 3. Nf3 Bg4 4. Be2 Nf6 5. d4 Nc6 6. c4 Qf5 7. Nc3 0-0-0 8. Be3 e6 9. h3 Bxf3 10. Bxf3 g5 11. Bxc6 bxc6 12. Qa4 Kd7 13. 0-0-0 Rb8 14. d5 exd5 15. cxd5 Bd6 16. dxc6+ Ke7 17. g4 Qf3 18. Bxg5 Rb4 19. Qxa7 Bf4+ 20. Bxf4 Qxf4+ 21. Rd2 Rhb8 22. Qc5+ Ke8 23. Re1+ Ne4 24. Nxe4 Rxe4 25. Rxe4+ Qxe4 26. Qe3 Qxe3 27. fxe3 Rb6 28. Rc2 Ke7 29. b3 Kd6 30. Kb2 Ke5 31. Rc4 Rb8 32. Rd4 Rb6 33. Rd7 Rxc6 34. Rxf7 h6 35. Rf4 Rd6 36. Rc4 Rd2+ 37. Rc2 Rd3 38. Rxc7 1-0

[Event "Titled Tuesday intern op 13th Jun Late"]
[Site "Chess.com INT"]
[Date "2023.06.13"]
[Round "7"]
[White "Magallanes, Rey Jomar"]
[Black "Benedetti, Julio"]
[Result "0-1"]
[WhiteElo "2032"]
[BlackElo "2274"]
[PlyCount "86"]
[EventDate "2023.06.13"]
[EventType "swiss (blitz)"]
[EventRounds "11"]
[EventCountry "USA"]
[SourceTitle "EXT 2024"]
[Source "ChessBase"]
[SourceDate "2023.10.10"]
[SourceVersion "1"]
[SourceVersionDate "2023.10.10"]
[SourceQuality "1"]

1. e4 c5 2. Nf3 Nc6 3. d4 cxd4 4. Nxd4 Nf6 5. Nc3 e5 6. Ndb5 d6 7. Bg5 a6 8. Na3 b5 9. Nd5 Be7 10. Bxf6 Bxf6 11. c3 0-0 12. Nc2 Bg5 13. a4 bxa4 14. Ncb4 Nxb4 15. cxb4 Bd7 16. Bd3 a5 17. b5 Qb8 18. Qe2 Rc8 19. h4 Bd8 20. 0-0 Rc5 21. Rxa4 Bxb5 22. Bxb5 Rxb5 23. Rc4 Rxb2 24. Qg4 a4 25. Rfc1 Rb1 26. Ne3 a3 27. Nf5 g6 28. Nh6+ Kg7 29. Nf5+ Kf8 30. Ne3 a2 31. Kh2 Rxc1 32. Rxc1 a1Q 33. Rxa1 Rxa1 34. Nd5 Qb1 35. Qd7 Qh1+ 36. Kg3 Qxh4+ 37. Kf3 Ra3+ 38. Ne3 Qf4+ 39. Ke2 Ra2+ 40. Kd3 Ra3+ 41. Ke2 Be7 42. Qc8+ Kg7 43. Qc3 Rxc3 0-1

[Event "Titled Tuesday intern op 13th Jun Late"]
[Site "Chess.com INT"]
[Date "2023.06.13"]
[Round "3"]
[White "Magallanes, Rey Jomar"]
[Black "Bouget, Alexandre"]
[Result "0-1"]
[WhiteElo "2032"]
[BlackElo "2255"]
[PlyCount "58"]
[EventDate "2023.06.13"]
[EventType "swiss (blitz)"]
[EventRounds "11"]
[EventCountry "USA"]
[SourceTitle "EXT 2024"]
[Source "ChessBase"]
[SourceDate "2023.10.10"]
[SourceVersion "1"]
[SourceVersionDate "2023.10.10"]
[SourceQuality "1"]

1. e4 g6 2. d4 Bg7 3. Nf3 c6 4. Nc3 d5 5. e5 Nh6 6. Bd3 Nf5 7. Bf4 h5 8. Qd2 b5 9. 0-0-0 Qa5 10. h3 Nd7 11. g4 Nh6 12. gxh5 gxh5 13. Rhg1 Bf8 14. e6 Nb6 15. exf7+ Nxf7 16. Bg6 Nc4 17. Bxf7+ Kxf7 18. Ne5+ Ke8 19. Qe2 Qb4 20. Nxc4 bxc4 21. Be5 Bh6+ 22. f4 Rb8 23. Qxh5+ Kd8 24. Bxh8 Bxf4+ 25. Rd2 Qxb2+ 26. Kd1 Qa1+ 27. Ke2 Qxg1 28. Qf3 Qh2+ 29. Kf1 Qxd2 0-1

[Event "Titled Tuesday intern op 13th Jun Late"]
[Site "Chess.com INT"]
[Date "2023.06.13"]
[Round "6"]
[White "Negron Lizarazo, Juan Sebastian"]
[Black "Magallanes, Rey Jomar"]
[Result "0-1"]
[WhiteElo "1555"]
[BlackElo "2032"]
[PlyCount "78"]
[EventDate "2023.06.13"]
[EventType "swiss (blitz)"]
[EventRounds "11"]
[EventCountry "USA"]
[SourceTitle "EXT 2024"]
[Source "ChessBase"]
[SourceDate "2023.10.10"]
[SourceVersion "1"]
[SourceVersionDate "2023.10.10"]
[SourceQuality "1"]

1. e4 c5 2. Nc3 d6 3. g3 Nf6 4. Bg2 g6 5. d3 Nc6 6. h3 Bg7 7. Be3 e6 8. Qd2 0-0 9. Bh6 d5 10. Bxg7 Kxg7 11. 0-0-0 a6 12. f4 d4 13. Nce2 b5 14. e5 Nd5 15. Bxd5 Qxd5 16. Rh2 Qxa2 17. c3 Na5 18. Kc2 Qa4+ 19. Kb1 Nb3 20. Qe1 c4 21. Nxd4 Nxd4 22. cxd4 Bb7 23. dxc4 bxc4 24. Rc2 Rab8 25. Rdd2 Rfc8 26. Rc3 Bd5 27. g4 Rb3 28. Rdc2 Rcb8 29. f5 Qa3 30. f6+ Kg8 31. Rxb3 Qxb3 32. Qe2 c3 33. Kc1 cxb2+ 34. Rxb2 Rc8+ 35. Kb1 Qa3 36. Qd2 Rc3 37. Qe2 Rc8 38. h4 Bc4 39. Qd2 Bd3+ 0-1

[Event "Titled Tuesday intern op 30th May Late"]
[Site "Chess.com INT"]
[Date "2023.05.30"]
[Round "9"]
[White "Janaszak, Dawid"]
[Black "Magallanes, Rey Jomar"]
[Result "0-1"]
[WhiteElo "2316"]
[BlackElo "2052"]
[PlyCount "122"]
[EventDate "2023.05.30"]
[EventType "swiss (blitz)"]
[EventRounds "11"]
[EventCountry "USA"]
[SourceTitle "CBM 214 Extra"]
[Source "ChessBase"]
[SourceDate "2023.07.31"]
[SourceVersion "1"]
[SourceVersionDate "2023.07.31"]
[SourceQuality "1"]

1. e4 c5 2. Nf3 d6 3. b4 Nf6 4. bxc5 dxc5 5. Nc3 Nc6 6. Bc4 e6 7. 0-0 Be7 8. e5 Nd5 9. Bb2 0-0 10. Qe2 a6 11. a4 Na5 12. Ba2 Nc6 13. Qe4 Nxc3 14. Bxc3 Qc7 15. Rab1 b5 16. h4 b4 17. Bb2 Bb7 18. Qg4 Na5 19. d3 Bc6 20. Bc1 Rfe8 21. h5 Bxf3 22. gxf3 Qxe5 23. h6 Nc6 24. f4 Qf6 25. f5 Nd4 26. fxe6 Nf3+ 27. Kg2 Nh4+ 28. Kh3 fxe6 29. Qxe6+ Qxe6+ 30. Bxe6+ Kh8 31. Bb2 Bf6 32. Bxf6 gxf6 33. Bd5 Rad8 34. Be4 f5 35. Bb7 Nf3 36. Rh1 Nd4 37. Bxa6 Rd6 38. Kg3 Rxa6 39. Kf4 Rg6 40. f3 Rf6 41. Kg5 Ref8 42. Rbc1 Ne6+ 43. Kh4 Rxh6+ 44. Kg3 Rg8+ 45. Kf2 Rxh1 46. Rxh1 f4 47. Re1 Nd4 48. Re5 Nxc2 49. a5 b3 50. Rxc5 Rb8 51. a6 b2 52. a7 b1Q 53. axb8Q+ Qxb8 54. Rxc2 Qb6+ 55. Kg2 Qe3 56. Rc8+ Kg7 57. d4 Qe2+ 58. Kh3 Qxf3+ 59. Kh4 Qg3+ 60. Kh5 Qh3+ 61. Kg5 Qxc8 0-1

[Event "Titled Tuesday intern op 30th May Late"]
[Site "Chess.com INT"]
[Date "2023.05.30"]
[Round "4"]
[White "Rottenwohrer Suarez, Juan"]
[Black "Magallanes, Rey Jomar"]
[Result "1/2-1/2"]
[WhiteElo "2265"]
[BlackElo "2052"]
[PlyCount "125"]
[EventDate "2023.05.30"]
[EventType "swiss (blitz)"]
[EventRounds "11"]
[EventCountry "USA"]
[SourceTitle "CBM 214 Extra"]
[Source "ChessBase"]
[SourceDate "2023.07.31"]
[SourceVersion "1"]
[SourceVersionDate "2023.07.31"]
[SourceQuality "1"]

1. d4 d5 2. c4 e6 3. Nc3 Nf6 4. cxd5 exd5 5. Bg5 c6 6. Qc2 Be7 7. e3 Nbd7 8. Bd3 0-0 9. Nge2 Re8 10. 0-0 Nf8 11. Rab1 g6 12. b4 Ne6 13. Bh4 b5 14. Rfd1 a5 15. bxa5 Qxa5 16. Bxf6 Bxf6 17. Rdc1 Bd7 18. Qb3 Reb8 19. Rc2 Be7 20. h3 b4 21. Nd1 c5 22. Qxd5 Ba4 23. Rcb2 cxd4 24. Qxa5 Rxa5 25. Nxd4 Nxd4 26. exd4 Rd5 27. Ne3 Rxd4 28. Bc2 Bc6 29. Bb3 Bf6 30. Re2 Be4 31. Rd1 Rbd8 32. Rxd4 Bxd4 33. Rd2 Bf6 34. Rxd8+ Bxd8 35. Nd5 Bxd5 36. Bxd5 Kf8 37. Bb3 Ke7 38. g4 f6 39. Kg2 g5 40. f3 h6 41. Kf2 Kd6 42. Ke2 Ke5 43. Kd3 Kf4 44. Bd5 Kg3 45. Be4 Kxh3 46. Bf5 Kg3 47. Ke4 Bc7 48. Be6 Kh4 49. Bf7 Bd6 50. Bg6 Be5 51. Bf7 Kg3 52. Bg6 Kf2 53. Bf7 Ke2 54. Bg6 Kd2 55. Bf7 Kc2 56. Bb3+ Kc3 57. Bd5 Kd2 58. Bb3 Ke2 59. Bd5 Kf2 60. Bb3 Kg3 61. Bf7 Kh4 62. Bg6 Kg3 63. Bf7 1/2-1/2

[Event "Titled Tuesday intern op 23rd May Late"]
[Site "Chess.com INT"]
[Date "2023.05.23"]
[Round "2"]
[White "Ward, Noah"]
[Black "Magallanes, Rey Jomar"]
[Result "0-1"]
[WhiteElo "2097"]
[BlackElo "2052"]
[PlyCount "76"]
[EventDate "2023.05.23"]
[EventType "swiss (blitz)"]
[EventRounds "11"]
[EventCountry "USA"]
[SourceTitle "EXT 2024"]
[Source "ChessBase"]
[SourceDate "2023.10.10"]
[SourceVersion "1"]
[SourceVersionDate "2023.10.10"]
[SourceQuality "1"]

1. d4 d5 2. Nc3 Nf6 3. Bf4 e6 4. Nb5 Na6 5. e3 c6 6. Nc3 Nc7 7. Bd3 Bd6 8. Qf3 0-0 9. g4 Bxf4 10. Qxf4 Qe7 11. h4 Re8 12. Nf3 c5 13. h5 cxd4 14. exd4 Nxg4 15. Qxg4 e5 16. Qg5 e4 17. 0-0-0 exd3 18. Rxd3 Qxg5+ 19. Nxg5 Bf5 20. Rf3 g6 21. hxg6 Bxg6 22. Rg1 Kf8 23. Kd2 Rad8 24. Nh3 Ne6 25. Ne2 Be4 26. Rfg3 Ke7 27. Nef4 Nxd4 28. Re1 Kd6 29. Ng5 Re7 30. f3 Bxc2 31. Rxe7 Kxe7 32. Kc3 Nf5 33. Rh3 h6 34. Nxf7 Rc8+ 35. Kd2 Kxf7 36. Nxd5 Rd8 37. Kxc2 Rxd5 38. Rh5 Ne3+ 0-1

[Event "Titled Tuesday intern op 16th May Late"]
[Site "Chess.com INT"]
[Date "2023.05.16"]
[Round "4"]
[White "Avalos Parra, Joao"]
[Black "Magallanes, Rey Jomar"]
[Result "0-1"]
[WhiteElo "2185"]
[BlackElo "2052"]
[PlyCount "68"]
[EventDate "2023.05.16"]
[EventType "swiss (blitz)"]
[EventRounds "11"]
[EventCountry "USA"]
[SourceTitle "CBM 214 Extra"]
[Source "ChessBase"]
[SourceDate "2023.07.31"]
[SourceVersion "1"]
[SourceVersionDate "2023.07.31"]
[SourceQuality "1"]

1. d4 d5 2. c4 e6 3. Nf3 Nf6 4. Nc3 Nbd7 5. Bf4 dxc4 6. e3 Nb6 7. Be2 c6 8. a4 a5 9. 0-0 Be7 10. h3 Nfd5 11. Bh2 0-0 12. Rc1 Nxc3 13. bxc3 Bd7 14. Ne5 Be8 15. Nxc4 Nd5 16. e4 Nf6 17. Bd3 c5 18. Bc2 b5 19. Ne5 b4 20. cxb4 axb4 21. dxc5 Bxc5 22. Qxd8 Rxd8 23. Bb3 Bd4 24. Rfe1 Bc3 25. Re2 Ra8 26. Nd3 Bxa4 27. Bxa4 Rxa4 28. Nc5 Ra5 29. Nb7 Rb5 30. Nd6 Rc5 31. f3 Bd4+ 32. Kf1 Rxc1+ 33. Re1 Rxe1+ 34. Kxe1 b3 0-1

[Event "Titled Tuesday intern op 16th May Late"]
[Site "Chess.com INT"]
[Date "2023.05.16"]
[Round "1"]
[White "Colbow, Collin"]
[Black "Magallanes, Rey Jomar"]
[Result "1/2-1/2"]
[WhiteElo "2408"]
[BlackElo "2052"]
[PlyCount "128"]
[EventDate "2023.05.16"]
[EventType "swiss (blitz)"]
[EventRounds "11"]
[EventCountry "USA"]
[SourceTitle "CBM 214 Extra"]
[Source "ChessBase"]
[SourceDate "2023.07.31"]
[SourceVersion "1"]
[SourceVersionDate "2023.07.31"]
[SourceQuality "1"]

1. Nf3 d5 2. g3 Nf6 3. Bg2 g6 4. 0-0 Bg7 5. d3 0-0 6. Nbd2 Nc6 7. Re1 e5 8. e4 Re8 9. c3 a5 10. Qc2 d4 11. cxd4 Nb4 12. Qb1 exd4 13. a3 Nc6 14. a4 Nb4 15. Nc4 b6 16. b3 Ba6 17. e5 Nfd5 18. Bg5 Qd7 19. Nxd4 Nc3 20. Qb2 Qxd4 21. Bxa8 Rxa8 22. Rac1 Nbd5 23. Be3 Qxd3 24. Rc2 Bxc4 25. Rd2 Qe4 26. bxc4 Bxe5 27. Qc1 Qxc4 28. f4 Bf6 29. Bf2 Nb4 30. Re3 Bd4 31. Rxc3 Qxc3 32. Qxc3 Bxc3 33. Rd7 c5 34. Rd6 Nd3 35. h4 Nxf2 36. Kxf2 Bd4+ 37. Kf3 Rb8 38. Ke4 b5 39. axb5 Rxb5 40. h5 a4 41. h6 Kf8 42. Ra6 Ke7 43. Kd5 c4+ 44. Kxd4 Rb4 45. Kc5 Rb3 46. Kxc4 Rxg3 47. Rxa4 Rg4 48. Kd5 g5 49. Ke5 Rxf4 50. Ra7+ Kf8 51. Ra8+ Ke7 52. Ra7+ Kd8 53. Ra8+ Kd7 54. Rh8 f6+ 55. Kd5 g4 56. Rxh7+ Ke8 57. Ke6 Re4+ 58. Kxf6 Rf4+ 59. Kg5 Rf7 60. Rh8+ Rf8 61. Rh7 Rf7 62. Rg7 Rxg7+ 63. hxg7 Kf7 64. Kxg4 Kxg7 1/2-1/2

[Event "Titled Tuesday intern op 16th May Late"]
[Site "Chess.com INT"]
[Date "2023.05.16"]
[Round "8"]
[White "Magallanes, Rey Jomar"]
[Black "Shapiro, Viktor"]
[Result "0-1"]
[WhiteElo "2052"]
[BlackElo "2192"]
[PlyCount "192"]
[EventDate "2023.05.16"]
[EventType "swiss (blitz)"]
[EventRounds "11"]
[EventCountry "USA"]
[SourceTitle "CBM 214 Extra"]
[Source "ChessBase"]
[SourceDate "2023.07.31"]
[SourceVersion "1"]
[SourceVersionDate "2023.07.31"]
[SourceQuality "1"]

1. e4 c5 2. Nf3 d6 3. d4 cxd4 4. Nxd4 Nf6 5. Nc3 a6 6. Be2 e5 7. Nb3 Be6 8. 0-0 Nbd7 9. Qd3 Qc7 10. Bd2 Rc8 11. Rac1 b5 12. Nd5 Bxd5 13. exd5 Be7 14. Na5 Nc5 15. Qe3 Nxd5 16. Qf3 Nf6 17. c4 b4 18. Bxb4 0-0 19. Bc3 Nce4 20. Be1 Qb6 21. b4 d5 22. c5 Qa7 23. Qd3 Rfd8 24. f3 Ng5 25. Bf2 d4 26. Qxa6 Qc7 27. Qd3 Nd5 28. Nc4 Nxb4 29. Qf5 f6 30. h4 Nf7 31. a3 Nd5 32. Nb6 Rb8 33. Nxd5 Rxd5 34. Bc4 Rxc5 35. Qe6 Bf8 36. f4 Rb6 37. Qe8 Rbc6 38. Bxf7+ Qxf7 39. Qxf7+ Kxf7 40. Rxc5 Rxc5 41. fxe5 Rxe5 42. Bxd4 Ra5 43. Bb2 Bxa3 44. Bxa3 Rxa3 45. Rd1 Ra5 46. Rd7+ Kg6 47. Kf2 h5 48. Kf3 Ra4 49. g3 Ra3+ 50. Kf4 Ra4+ 51. Kf3 Kh6 52. Rd6 Ra3+ 53. Kf4 Ra5 54. Kf3 Re5 55. g4 hxg4+ 56. Kxg4 Re4+ 57. Kg3 Kg6 58. Rd7 Rb4 59. h5+ Kh6 60. Re7 Rb5 61. Kg4 Rg5+ 62. Kf4 Rxh5 63. Re8 Ra5 64. Rh8+ Kg6 65. Rh1 Ra4+ 66. Kf3 Kf7 67. Rh7 Kg8 68. Rh1 g5 69. Rh6 Kg7 70. Rh1 Kg6 71. Rg1 f5 72. Kg3 Ra3+ 73. Kh2 g4 74. Rg3 Rxg3 75. Kxg3 Kg5 76. Kg2 f4 77. Kg1 Kh4 78. Kf1 Kh3 79. Kg1 f3 80. Kh1 g3 81. Kg1 g2 82. Kf2 Kh2 83. Kxf3 g1Q 84. Ke4 Qf2 85. Kd5 Qe3 86. Kc6 Qd4 87. Kb5 Qc3 88. Kb6 Qc4 89. Kb7 Qc5 90. Kb8 Qe7 91. Kc8 Kg3 92. Kb8 Kf4 93. Ka8 Ke5 94. Kb8 Kd5 95. Kc8 Kc6 96. Kb8 Qb7# 0-1